| 000 | 01285cam a22003371i 4500 | ||
|---|---|---|---|
| 003 | SA-RiAUC | ||
| 005 | 20240917145015.0 | ||
| 008 | 240917s1985 su b g b 00110 ara c | ||
| 040 |
_aSA-RiAUC _bara _cSA-RiAUC _erda |
||
| 043 | _aa-su--- | ||
| 050 | 4 | _b.B55 1985 | |
| 082 | 0 | 4 |
_a953.121 _qSA-RiAUC |
| 090 |
_a953.121 _bب ل ا |
||
| 100 | 1 |
_aالبلادي، عاتق بن غيث بن زوير، _d1352-1431 هجري _eمؤلف. |
|
| 245 | 1 | 0 |
_aأودية مكة المكرمة / _cعاتق بن غيث البلادي. |
| 250 | _aالطبعة الأولى. | ||
| 264 | 1 |
_aمكة المكرمة : _bدار مكة، _c1985 |
|
| 300 |
_a222 صفحة : _bخريطة ؛ _c24 سم |
||
| 336 |
_aنص _btxt _2rdacontent _3كتاب |
||
| 337 |
_aبدون وسيط _bn _2rdamedia |
||
| 338 |
_aمجلد _bnc _2rdacarrier |
||
| 500 | _aكشافات : صفحة 189-218. | ||
| 500 | _aيشتمل على ملاحق. | ||
| 500 | _aفهارس : 189-218. | ||
| 504 | _aيشتمل على إرجاعات ببليوجرافية. | ||
| 525 | _aيشتمل على ثلاث ملاحق. | ||
| 650 | 7 |
_aالوديان _zمكة المكرمة _2aucsh |
|
| 651 | 7 |
_aمكة المكرمة _xوصف ورحلات _2aucsh |
|
| 942 |
_2ddc _cBOOK |
||
| 949 |
_aSA-JeALM _d240917 _umohamedma123 _n1 |
||
| 999 |
_c379 _d379 |
||